| 000 | 00683nam a2200253Ia 4500 | ||
|---|---|---|---|
| 003 | OSt | ||
| 005 | 20221005032705.0 | ||
| 006 | a|||||r|||| 00| 0 | ||
| 007 | ta | ||
| 008 | 221004b |||||||| |||| 00| 0 eng d | ||
| 020 | _a8185019827 | ||
| 024 | _a30294 | ||
| 037 | _cTextual | ||
| 040 |
_aCRL _cCRL _beng |
||
| 041 |
_2eng _aeng |
||
| 082 | _aG:12.2, A.1-.2 | ||
| 100 |
_aHooker Joseph Dalton _995011 |
||
| 245 | 0 | _aHimalayan journals or notes of a naturalist | |
| 260 |
_aDehra _bDun Natraj Publishers _c1999 |
||
| 300 |
_a486p. _ccm. |
||
| 650 | _aBIOLOGY | ||
| 942 |
_hG:12.2, A.1-.2 _cTEXL _2cc |
||
| 999 |
_c940173 _d940173 |
||